LEADER 01315nam--2200373---4500 001 990000590280203316 005 20100617092245.0 010 $a88-7104-020-1 035 $a0059028 035 $aUSA010059028 035 $a(ALEPH)000059028USA01 035 $a0059028 100 $a20010828d1988----km-y0ENGy0103----ba 101 $aita 102 $aIT 200 1 $a<> noleggio e il problema della sua individuazione$fAntonio Flamini 210 $aNapoli$cEdizioni scientifiche italiane$d1988 215 $a106 p.$d24 cm 225 2 $aPubblicazioni$fdella Scuola di specializzazione in diritto civile dell'Universitą di Camerino$v54 410 $12001$aPubblicazioni$fdella Scuola di specializzazione in diritto civile dell'Universitą di Camerino$v54 606 $aNoleggio 676 $a346.45025 700 1$aFLAMINI,$bAntonio$0229516 801 0$aIT$bsalbc$gISBD 912 $a990000590280203316 951 $aXXV.1. Coll. 39/ 28 (X 4 III 54)$b9146 G$cXXV.1. Coll. 39/ 28 (X 4 III)$d00271208 959 $aBK 969 $aGIU 979 $aPATRY$b90$c20010828$lUSA01$h1150 979 $c20020403$lUSA01$h1708 979 $aPATRY$b90$c20040406$lUSA01$h1641 979 $aRSIAV2$b90$c20100617$lUSA01$h0922 996 $aNoleggio e il problema della sua individuazione$9665564 997 $aUNISA LEADER 01244nam 2200373 450 001 9910220006503321 005 20230221151910.0 035 $a(CKB)3800000000216635 035 $a(NjHacI)993800000000216635 035 $a(EXLCZ)993800000000216635 100 $a20230221d1990 uy 0 101 0 $adut 135 $aur||||||||||| 181 $ctxt$2rdacontent 182 $cc$2rdamedia 183 $acr$2rdacarrier 200 13$aDe Cleijne Schoolen $eHet volksonderwijs in het hertogdom Brabant tussen Katholieke Reformatie en Verlichting (eind 16de eeuw - 1795) /$fEddy Put 210 1$aLeuven :$cUniv. Pers,$d1990. 210 4$d©1990 215 $a1 online resource (341 pages) 225 1 $aSymbolae Facultatis Litterarum et Philosophiae Lovaniensis / B 311 $a90-6186-351-1 320 $aIncludes bibliographical references and index. 410 0$aSymbolae Facultatis Litterarum et Philosophiae Lovaniensis.$nSeries B. 606 $aEducation$zBelgium$xHistory 615 0$aEducation$xHistory. 676 $a370.9493 700 $aPut$b Eddy$01143235 801 0$bNjHacI 801 1$bNjHacl 906 $aBOOK 912 $a9910220006503321 996 $aDe Cleijne Schoolen$93012910 997 $aUNINA